000 00743nam a2200253Ia 4500
003 OSt
005 20221005034505.0
006 a|||||r|||| 00| 0
007 ta
008 221004b |||||||| |||| 00| 0 urd d
020 _a9788182239128 (hbk)
_c250
024 _a19170
037 _b4354, 18/12/2014, Kitabi Duniya
_cTextual
040 _aCRL
_cCRL
_burd
041 _2urd
_aurd
082 _aO168,8N36x, N9
100 _aHussain Mujtaba Au.
245 0 _aMera column
260 _aDelhi
_bEducational Publishing House India
_c2013
300 _a252p.
_ccm.
650 _aURDU SATIRE
942 _hO168,8N36x, N9
_cTEXL
_2cc
999 _c943489
_d943489